1237 1025 1424 1254 1995 1325 1557 1560 1449 1252 1396 1299 1354 1293 1585 1001 1237 1178 1950 1688 1160 1169 1703 1934 1843 1441 1827 1937 1360 1871 1802 1766 1900 1700 1377 1794 1401 1255 1694 1255 1374 1776 1437 1382 1942 1741 1124 1782 1451 1874 1870 1367 1631 1374 1811 1862 1326 1385 1349 1560 1019 1033 1808 1167 1297 1088 1709 1438 1078 1665 1442 1073 1164 1532 1226 1804 1393 1389 1653 1459 1599 1117 1003 1648 1367 1971 1840 1579 1503 1516 1203 1975 1156 1797 1922 1759 1804 1828 1431 BCNSPRNW ULIB Ver.6.0+V

เปลี่ยนเป็นภาษาไทย

Change to English
 แสดงรายละเอียดบรรณานุกรม
  กลับหน้าหลัก

Brief Record : Get Marc (ISO 2709) : E-mail record : QR code < ปิดหน้าต่าง
LEADER : 00000nam 2200000uu 4500
001    13399111602
003     ULIB
008    110627s||||||||th 000 0 tha d
020    9786115210091
090    นว.^bม289ค 2552
100 0  มักเน
245 00 คำสั่งรัก/^cมักเน
250    พิมพ์ครั้งที่ 1
260    กรุงเทพฯ :^bมธุรดา,^c2552
300    220 หน้า
945    ^p159^l0^i026020
995    ทศพร
999 ^a ใช้งานได้ทุกระบบ
รายการนี้ยังไม่มีแท็ก
คุณยังไม่ได้ล็อกอิน คุณสามารถมีกิจกรรมร่วมกับเว็บไซต์ได้ แต่ต้องล็อกอินก่อน ::
  ล็อกอิน

รายการสื่อสารสนเทศ

ลำดับที่ ประเภท เลขเรียก/บาร์โค้ด สถานที่ สถานะ
- ไม่พบข้อมูล -

รายการใกล้เคียง
    ผู้แต่ง [มักเน]

BibComment


ยังไม่เคยถูกคอมเมนท์

คอมเมนท์ทรัพยากรรายการนี้
  คอมเมนท์: คำสั่งรัก มักเน


 Copyright 2026. Bcnsprnw @Library